The Not So Boring Facts of Accounting Quiz Stats

 Plays Quiz not verified by Sporcle

Support Sporcle.
Go Orange.
Score 0/10 Timer 06:00
0 Plays Today
% Correct
???
100%
???
58.6%
???
20.7%
???
17.2%
???
5.2%
???
5.2%
???
5.2%
???
5.2%
???
5.2%
???
5.2%

You're not logged in!

Compare scores with friends on all Sporcle quizzes.
OR
Log In

From the Vault

Smallest European Countries Minefield

by minshkins

This is not a quiz about the smallest minefields in Europe.

You Might Also Like...

Remove Ads.
Support Sporcle.
Get the best of Sporcle when you Go Orange. This ad-free experience offers more features, more stats, and more fun while also helping to support Sporcle. Thank you for becoming a member.

Show Comments

Extras

Created Mar 2, 2011ReportNominate
Tags:Accounting, Boring

Top Quizzes Today


Score Distribution

Your Account Isn't Verified!

In order to create a playlist on Sporcle, you need to verify the email address you used during registration. Go to your Sporcle Settings to finish the process.

Report this User

Report this user for behavior that violates our Community Guidelines.

Details: